Focus London (Record no. 82180)

MARC details
000 -LEADER
fixed length control field 01066cab a22002295a 4500
001 - CONTROL NUMBER
control field L149482
008 - FIXED-LENGTH DATA ELEMENTS--GENERAL INFORMATION
fixed length control field 100308e2010 xxk 000 0 eng d
035 ## - SYSTEM CONTROL NUMBER
System control number (Sirsi) u149482
041 0# - LANGUAGE CODE
Language code of text/sound track or separate title eng
100 1# - MAIN ENTRY--PERSONAL NAME
Personal name Thame, David
245 00 - TITLE STATEMENT
Title Focus London
260 ## - PUBLICATION, DISTRIBUTION, ETC.
Date of publication, distribution, etc. 2010
490 ## - SERIES STATEMENT
Series statement Estates Gazette
Volume/sequential designation (1009) 6 March 2010, 89-107(16)
520 ## - SUMMARY, ETC.
Summary, etc. Chinese sovereign wealth fund CIC invests in Canary Wharf highlights interest by Chinese investors in the London property market. A round up of planned construction schemes for London in 2010. Overview of prelet transactions in London from 2005-2009. Asks whether changes in financial regulation such as the tax on bankers bonuses drive finance out of the City of London. Concludes with interview of four London agents who have left large corporate surveying firms to set up their own businesses.
590 ## - LOCAL NOTE (RLIN)
Local note KA
651 #4 - SUBJECT ADDED ENTRY--GEOGRAPHIC NAME
Geographic name London
690 ## - LOCAL SUBJECT ADDED ENTRY--TOPICAL TERM (OCLC, RLIN)
Topical term or geographic name as entry element PROPERTY-COMMERCIAL PROPERTY-COMMERCIAL PROPERTY MARKET
700 1# - ADDED ENTRY--PERSONAL NAME
Personal name Meadwell, Stacey
700 1# - ADDED ENTRY--PERSONAL NAME
Personal name Morrison, Adrian
700 1# - ADDED ENTRY--PERSONAL NAME
Personal name Phillips, Mike
942 ## - ADDED ENTRY ELEMENTS (KOHA)
Suppress in OPAC 0
Holdings
Withdrawn status Lost status Source of classification or shelving scheme Damaged status Not for loan Home library Current library Shelving location Date acquired Total Checkouts Full call number Barcode Date last seen Copy number Price effective from Koha item type
    Dewey Decimal Classification     London London Journal article 08/03/2010   L149482 149482-1001 06/08/2019 1 06/08/2019 Journal article